<?xml version="1.0" encoding="UTF-8"?>
<collection xmlns="http://www.loc.gov/MARC21/slim">
<record>
  <controlfield tag="001">112458</controlfield>
  <controlfield tag="005">20231215090958.0</controlfield>
  <datafield tag="024" ind1="7" ind2=" ">
    <subfield code="2">doi</subfield>
    <subfield code="a">10.17227/bio-grafia.vol.12.num23-12317</subfield>
  </datafield>
  <datafield tag="024" ind1="8" ind2=" ">
    <subfield code="2">sideral</subfield>
    <subfield code="a">128556</subfield>
  </datafield>
  <datafield tag="037" ind1=" " ind2=" ">
    <subfield code="a">ART-2020-128556</subfield>
  </datafield>
  <datafield tag="041" ind1=" " ind2=" ">
    <subfield code="a">spa</subfield>
  </datafield>
  <datafield tag="100" ind1=" " ind2=" ">
    <subfield code="a">Sáez Bondía, María José</subfield>
    <subfield code="u">Universidad de Zaragoza</subfield>
    <subfield code="0">(orcid)0000-0002-8733-1501</subfield>
  </datafield>
  <datafield tag="245" ind1=" " ind2=" ">
    <subfield code="a">Construcción de ecosistemas en la formación inicial de maestros</subfield>
  </datafield>
  <datafield tag="260" ind1=" " ind2=" ">
    <subfield code="c">2020</subfield>
  </datafield>
  <datafield tag="506" ind1="0" ind2=" ">
    <subfield code="a">Access copy available to the general public</subfield>
    <subfield code="f">Unrestricted</subfield>
  </datafield>
  <datafield tag="520" ind1="3" ind2=" ">
    <subfield code="a">Este artículo derivado de una investigación de corte cualitativo parte de la problemática de la enseñanza y aprendizaje de los ecosistemas en la formación inicial de maestros. Los ecosistemas, como sistemas biológicos complejos, presentan numerosos componentes que se relacionan entre ellos y sufren cambios temporales, lo que supone un reto no solo para su aprendizaje, sino también para su enseñanza. El objetivo del mismo es analizar los aprendizajes, dificultades y percepciones de los maestros en formación durante el desarrollo de una secuencia de actividades sobre ecosistemas. Dicha secuencia se estructuró en tres fases: 1) construcción de ecosistemas; 2) debate sobre cómo trabajar los ecosistemas en primaria tras la visualización de vídeos donde niños de primaria realizan explicaciones sobre ecosistemas construidos en el aula; 3) diseño de una propuesta sobre ecosistemas basada en el planteamiento de cuestiones desde una perspectiva sistémica. La secuencia fue analizada a través de estudio de caso, utilizando como herramientas de registro de la información cuadernos de laboratorio y grabaciones de audio. Los resultados muestran las dificultades de los maestros en formación inicial a la hora de expresar las relaciones observadas entre los elementos del ecosistema construido; la implicación profesional que genera el debate tras la visualización de situaciones reales de aula; y la presencia de demandas mayoritariamente centradas en la identificación de los elementos del ecosistema cuando diseñan sus propuestas.&amp;#x0D;
 &amp;#x0D;
 </subfield>
  </datafield>
  <datafield tag="536" ind1=" " ind2=" ">
    <subfield code="9">info:eu-repo/grantAgreement/ES/IUCA/BEAGLE</subfield>
    <subfield code="9">info:eu-repo/grantAgreement/ES/MINECO/EDU2016-76743-P</subfield>
  </datafield>
  <datafield tag="540" ind1=" " ind2=" ">
    <subfield code="9">info:eu-repo/semantics/openAccess</subfield>
    <subfield code="a">by-nc</subfield>
    <subfield code="u">http://creativecommons.org/licenses/by-nc/3.0/es/</subfield>
  </datafield>
  <datafield tag="655" ind1=" " ind2="4">
    <subfield code="a">info:eu-repo/semantics/article</subfield>
    <subfield code="v">info:eu-repo/semantics/publishedVersion</subfield>
  </datafield>
  <datafield tag="700" ind1=" " ind2=" ">
    <subfield code="a">Gil Quílez, María José</subfield>
    <subfield code="u">Universidad de Zaragoza</subfield>
    <subfield code="0">(orcid)0000-0001-9386-1827</subfield>
  </datafield>
  <datafield tag="700" ind1=" " ind2=" ">
    <subfield code="a">Martínez Peña, Begoña</subfield>
    <subfield code="u">Universidad de Zaragoza</subfield>
    <subfield code="0">(orcid)0000-0003-1824-708X</subfield>
  </datafield>
  <datafield tag="710" ind1="2" ind2=" ">
    <subfield code="1">4013</subfield>
    <subfield code="2">205</subfield>
    <subfield code="a">Universidad de Zaragoza</subfield>
    <subfield code="b">Dpto. Didácticas Específicas</subfield>
    <subfield code="c">Área Didáctica Ciencias Exper.</subfield>
  </datafield>
  <datafield tag="773" ind1=" " ind2=" ">
    <subfield code="g">12, 23 (2020), 113-126</subfield>
    <subfield code="p">Bio-grafía</subfield>
    <subfield code="t">Bio-grafía. Escritos sobre la Biología y su Enseñanza</subfield>
    <subfield code="x">2619-3531</subfield>
  </datafield>
  <datafield tag="856" ind1="4" ind2=" ">
    <subfield code="s">488366</subfield>
    <subfield code="u">http://zaguan.unizar.es/record/112458/files/texto_completo.pdf</subfield>
    <subfield code="y">Versión publicada</subfield>
  </datafield>
  <datafield tag="856" ind1="4" ind2=" ">
    <subfield code="s">2879529</subfield>
    <subfield code="u">http://zaguan.unizar.es/record/112458/files/texto_completo.jpg?subformat=icon</subfield>
    <subfield code="x">icon</subfield>
    <subfield code="y">Versión publicada</subfield>
  </datafield>
  <datafield tag="909" ind1="C" ind2="O">
    <subfield code="o">oai:zaguan.unizar.es:112458</subfield>
    <subfield code="p">articulos</subfield>
    <subfield code="p">driver</subfield>
  </datafield>
  <datafield tag="951" ind1=" " ind2=" ">
    <subfield code="a">2023-12-15-09:01:25</subfield>
  </datafield>
  <datafield tag="980" ind1=" " ind2=" ">
    <subfield code="a">ARTICLE</subfield>
  </datafield>
</record>
</collection>